000 00869nam a2200253 a 4500
001 000022026
005 20240501135122.0
008 100916s1997 sp 000 0 spa d
020 _a8449303443
040 _aDO-SdBNP
_bspa
_cBNPHU
082 _a302.23
_bM623h
100 1 _aMichele Mattelart, Armand
_945665
245 1 0 _aHistoria de las teorías de la comunicación /
_cArmand y Michele Mattelart ; traducción Antonio López Ruiz, Fedra Egea.
260 _aBarcelona :
_bPaidós,
_c1997.
300 _a142 p. ;
_c23 cm.
500 _aIncluye índice de nombres
504 _aBibliografías : p. 127-138
586 _aHistoire des théories de la communication
650 4 _aMedios de comunicacion de masas
_950
650 0 _aCultura popular
_912597
700 1 _aLópez Ruiz, Antonio
_etrad.
_945666
700 1 _aEgea, Fedra
_etrad.
_945667
049 _aBNPD
999 _c21524
_d21524